000
00309nam a22001337a 4500
008
171012b xxu||||| |||| 00| 0 eng d
020
_a
9780130418692
041
_a
eng
080
_2
9 ED
_a
316
100
_a
50
101
_a
SOC
245
_a
RACIAL AND ETHNIC GROUP
_c
SCHAEFER.R.T
942
_2
udc
_c
BK
999
_c
33493
_d
33493